000 00307nam a22001337a 4500
020 _a08-016830-2
082 _a621.31042 HIN'E
100 _aHINDMARSH, J
_957322
245 _aELECTRICAL MACHINES AND THEIR APPLICATIONS
250 _a3RD
260 _aLONDON
_bELBS
_c1970
300 _a640P
942 _cBK
999 _c583819
_d583819